| 000 | 00469nam a2200169Ia 4500 | ||
|---|---|---|---|
| 999 |
_c9584 _d9584 |
||
| 003 | OSt | ||
| 005 | 20191216105655.0 | ||
| 008 | 190216s9999||||xx |||||||||||||| ||und|| | ||
| 040 | _coclc | ||
| 082 |
_a338.5 _bSET/M |
||
| 100 |
_aSeth, M L _9472 |
||
| 245 | 0 |
_aMicroeconomics / _cM L Seth |
|
| 260 |
_bLakshmi Narain Agarwal Publications, _c1981. _aDelhi: |
||
| 300 | _a698p | ||
| 650 | _aEconomics | ||
| 942 |
_cBK _2ddc _h338.5 _iSET/M _k338.5 _mSET/M |
||